<?xml version="1.0" encoding="UTF-8"?>
<record
    xmlns:xsi="http://www.w3.org/2001/XMLSchema-instance"
    xsi:schemaLocation="http://www.loc.gov/MARC21/slim http://www.loc.gov/standards/marcxml/schema/MARC21slim.xsd"
    xmlns="http://www.loc.gov/MARC21/slim">

  <leader>00590nam a22001577a 4500</leader>
  <controlfield tag="003">OSt</controlfield>
  <controlfield tag="005">20160815140554.0</controlfield>
  <controlfield tag="008">160815b        xxu||||| |||| 00| 0 eng d</controlfield>
  <datafield tag="040" ind1=" " ind2=" ">
    <subfield code="c">RUA</subfield>
  </datafield>
  <datafield tag="082" ind1=" " ind2=" ">
    <subfield code="a">AVM LOU 2015 B507 Or.1</subfield>
  </datafield>
  <datafield tag="100" ind1=" " ind2=" ">
    <subfield code="9">9105</subfield>
    <subfield code="a">LOUGH MONICH, &#x17A1;&#x17BC;&#x1789; &#x1798;&#x17C4;&#x1793;&#x17B7;&#x1785;&#x17D2;&#x1785;</subfield>
  </datafield>
  <datafield tag="245" ind1=" " ind2=" ">
    <subfield code="a">Study on cannin pavovirus of dog at agrovet clinic phnom penh, &#x1780;&#x17B6;&#x179A;&#x179F;&#x17B7;&#x1780;&#x17D2;&#x179F;&#x17B6;&#x179B;&#x17BE;&#x1787;&#x17C6;&#x1784;&#x17BA;&#x179A;&#x17B6;&#x1780;&#x1788;&#x17B6;&#x1798;&#x179F;&#x17BB;&#x1793;&#x1781;&#x1793;&#x17C5;&#x1782;&#x17D2;&#x179B;&#x17B8;&#x1793;&#x17B7;&#x1780; AGROVET &#x1797;&#x17D2;&#x1793;&#x17C6;&#x1796;&#x17C1;&#x1789;</subfield>
  </datafield>
  <datafield tag="260" ind1=" " ind2=" ">
    <subfield code="a">Phnom Penh</subfield>
    <subfield code="b">RUA</subfield>
    <subfield code="c">2015</subfield>
  </datafield>
  <datafield tag="300" ind1=" " ind2=" ">
    <subfield code="a">x; 44p.</subfield>
    <subfield code="b">ill.</subfield>
    <subfield code="c">29cm.</subfield>
  </datafield>
  <datafield tag="942" ind1=" " ind2=" ">
    <subfield code="2">ddc</subfield>
    <subfield code="c">AVM</subfield>
  </datafield>
  <datafield tag="999" ind1=" " ind2=" ">
    <subfield code="c">8784</subfield>
    <subfield code="d">8784</subfield>
  </datafield>
  <datafield tag="952" ind1=" " ind2=" ">
    <subfield code="0">0</subfield>
    <subfield code="1">0</subfield>
    <subfield code="2">ddc</subfield>
    <subfield code="4">0</subfield>
    <subfield code="6">AVM_LOU_2015_000000000000000_B507_OR_1</subfield>
    <subfield code="7">0</subfield>
    <subfield code="9">49671</subfield>
    <subfield code="a">LBB</subfield>
    <subfield code="b">LBB</subfield>
    <subfield code="c">B507</subfield>
    <subfield code="d">2016-08-15</subfield>
    <subfield code="l">2</subfield>
    <subfield code="o">AVM LOU 2015 B507 Or.1</subfield>
    <subfield code="p">RUA060477</subfield>
    <subfield code="r">2025-08-19</subfield>
    <subfield code="s">2024-11-27</subfield>
    <subfield code="w">2016-08-15</subfield>
    <subfield code="y">AVM</subfield>
  </datafield>
  <datafield tag="952" ind1=" " ind2=" ">
    <subfield code="0">0</subfield>
    <subfield code="1">0</subfield>
    <subfield code="2">ddc</subfield>
    <subfield code="4">0</subfield>
    <subfield code="6">AVM_LOU_2015_000000000000000_B507_OR_2</subfield>
    <subfield code="7">0</subfield>
    <subfield code="9">49672</subfield>
    <subfield code="a">LBB</subfield>
    <subfield code="b">LBB</subfield>
    <subfield code="c">B507</subfield>
    <subfield code="d">2016-08-15</subfield>
    <subfield code="l">7</subfield>
    <subfield code="o">AVM LOU 2015 B507 Or.2</subfield>
    <subfield code="p">RUA062299</subfield>
    <subfield code="r">2022-02-04</subfield>
    <subfield code="s">2022-01-24</subfield>
    <subfield code="w">2016-08-15</subfield>
    <subfield code="y">AVM</subfield>
  </datafield>
  <datafield tag="952" ind1=" " ind2=" ">
    <subfield code="0">0</subfield>
    <subfield code="1">0</subfield>
    <subfield code="2">ddc</subfield>
    <subfield code="4">0</subfield>
    <subfield code="6">AVM_LOU_2015_000000000000000_B507_OR_3</subfield>
    <subfield code="7">0</subfield>
    <subfield code="9">49673</subfield>
    <subfield code="a">LBB</subfield>
    <subfield code="b">LBB</subfield>
    <subfield code="c">B507</subfield>
    <subfield code="d">2016-08-15</subfield>
    <subfield code="l">1</subfield>
    <subfield code="o">AVM LOU 2015 B507 Or.3</subfield>
    <subfield code="p">RUA062552</subfield>
    <subfield code="r">2019-10-22</subfield>
    <subfield code="s">2019-10-09</subfield>
    <subfield code="w">2016-08-15</subfield>
    <subfield code="y">AVM</subfield>
  </datafield>
  <datafield tag="952" ind1=" " ind2=" ">
    <subfield code="0">0</subfield>
    <subfield code="1">0</subfield>
    <subfield code="2">ddc</subfield>
    <subfield code="4">0</subfield>
    <subfield code="6">AVM_LOU_2015_000000000000000_B507_OR_4</subfield>
    <subfield code="7">0</subfield>
    <subfield code="9">49674</subfield>
    <subfield code="a">LBB</subfield>
    <subfield code="b">LBB</subfield>
    <subfield code="c">B507</subfield>
    <subfield code="d">2016-08-15</subfield>
    <subfield code="l">6</subfield>
    <subfield code="o">AVM LOU 2015 B507 Or.4</subfield>
    <subfield code="p">RUA061883</subfield>
    <subfield code="r">2021-11-05</subfield>
    <subfield code="s">2021-07-30</subfield>
    <subfield code="w">2016-08-15</subfield>
    <subfield code="y">AVM</subfield>
  </datafield>
  <datafield tag="952" ind1=" " ind2=" ">
    <subfield code="0">0</subfield>
    <subfield code="1">0</subfield>
    <subfield code="2">ddc</subfield>
    <subfield code="4">0</subfield>
    <subfield code="6">AVM_LOU_2015_000000000000000_B507_OR_5</subfield>
    <subfield code="7">0</subfield>
    <subfield code="9">49675</subfield>
    <subfield code="a">LBB</subfield>
    <subfield code="b">LBB</subfield>
    <subfield code="c">B507</subfield>
    <subfield code="d">2016-08-15</subfield>
    <subfield code="l">5</subfield>
    <subfield code="m">1</subfield>
    <subfield code="o">AVM LOU 2015 B507 Or.5</subfield>
    <subfield code="p">RUA060725</subfield>
    <subfield code="r">2023-09-15</subfield>
    <subfield code="s">2023-08-23</subfield>
    <subfield code="w">2016-08-15</subfield>
    <subfield code="y">AVM</subfield>
  </datafield>
  <datafield tag="952" ind1=" " ind2=" ">
    <subfield code="0">0</subfield>
    <subfield code="1">0</subfield>
    <subfield code="2">ddc</subfield>
    <subfield code="4">0</subfield>
    <subfield code="6">AVM_LOU_2015_000000000000000_B507_OR_6</subfield>
    <subfield code="7">0</subfield>
    <subfield code="9">49676</subfield>
    <subfield code="a">LBB</subfield>
    <subfield code="b">LBB</subfield>
    <subfield code="c">B507</subfield>
    <subfield code="d">2016-08-15</subfield>
    <subfield code="o">AVM LOU 2015 B507 Or.6</subfield>
    <subfield code="p">RUA060601</subfield>
    <subfield code="r">2016-08-15</subfield>
    <subfield code="w">2016-08-15</subfield>
    <subfield code="y">AVM</subfield>
  </datafield>
  <datafield tag="952" ind1=" " ind2=" ">
    <subfield code="0">0</subfield>
    <subfield code="1">0</subfield>
    <subfield code="2">ddc</subfield>
    <subfield code="4">0</subfield>
    <subfield code="6">AVM_LOU_2015_000000000000000_B507_OR_7</subfield>
    <subfield code="7">0</subfield>
    <subfield code="9">49677</subfield>
    <subfield code="a">LBB</subfield>
    <subfield code="b">LBB</subfield>
    <subfield code="c">B507</subfield>
    <subfield code="d">2016-08-15</subfield>
    <subfield code="o">AVM LOU 2015 B507 Or.7</subfield>
    <subfield code="p">RUA061839</subfield>
    <subfield code="r">2016-08-15</subfield>
    <subfield code="w">2016-08-15</subfield>
    <subfield code="y">AVM</subfield>
  </datafield>
  <datafield tag="952" ind1=" " ind2=" ">
    <subfield code="0">0</subfield>
    <subfield code="1">0</subfield>
    <subfield code="2">ddc</subfield>
    <subfield code="4">0</subfield>
    <subfield code="6">AVM_LOU_2015_000000000000000_B507_OR_8</subfield>
    <subfield code="7">0</subfield>
    <subfield code="9">49678</subfield>
    <subfield code="a">LBB</subfield>
    <subfield code="b">LBB</subfield>
    <subfield code="c">B507</subfield>
    <subfield code="d">2016-08-15</subfield>
    <subfield code="l">2</subfield>
    <subfield code="o">AVM LOU 2015 B507 Or.8</subfield>
    <subfield code="p">RUA061639</subfield>
    <subfield code="r">2018-08-10</subfield>
    <subfield code="s">2018-08-01</subfield>
    <subfield code="w">2016-08-15</subfield>
    <subfield code="y">AVM</subfield>
  </datafield>
  <datafield tag="952" ind1=" " ind2=" ">
    <subfield code="0">0</subfield>
    <subfield code="1">0</subfield>
    <subfield code="2">ddc</subfield>
    <subfield code="4">0</subfield>
    <subfield code="6">AVM_LOU_2015_000000000000000_B692_OR_1</subfield>
    <subfield code="7">0</subfield>
    <subfield code="9">87392</subfield>
    <subfield code="a">LBB</subfield>
    <subfield code="b">LBB</subfield>
    <subfield code="c">B692</subfield>
    <subfield code="d">2021-11-12</subfield>
    <subfield code="l">1</subfield>
    <subfield code="o">AVM LOU 2015 B692 Or.1</subfield>
    <subfield code="p">A066935</subfield>
    <subfield code="r">2023-08-07</subfield>
    <subfield code="s">2023-07-19</subfield>
    <subfield code="w">2021-11-12</subfield>
    <subfield code="y">AVM</subfield>
  </datafield>
  <datafield tag="952" ind1=" " ind2=" ">
    <subfield code="0">0</subfield>
    <subfield code="1">0</subfield>
    <subfield code="2">ddc</subfield>
    <subfield code="4">0</subfield>
    <subfield code="6">AVM_LOU_2015_000000000000000_B692_OR_1</subfield>
    <subfield code="7">0</subfield>
    <subfield code="9">87506</subfield>
    <subfield code="a">LBB</subfield>
    <subfield code="b">LBB</subfield>
    <subfield code="c">B692</subfield>
    <subfield code="d">2021-11-15</subfield>
    <subfield code="l">6</subfield>
    <subfield code="o">AVM LOU 2015 B692 Or.1</subfield>
    <subfield code="p">A066783</subfield>
    <subfield code="r">2024-01-25</subfield>
    <subfield code="s">2022-10-25</subfield>
    <subfield code="w">2021-11-15</subfield>
    <subfield code="y">AVM</subfield>
  </datafield>
</record>
